Memoria Hvngarorvm Et Provincialivm Scriptis Editis Notorvm ; Cum Indice Totius Operis Pars III.

Bibliographic Details
Main Author: Horányi, Alexius, 1736-1809 (Author)
Other Authors: Packo, František Augustín, 1732-1799 (Printer)
Format: Book
Language:Latin
PhysicalDescription:[14],696, [36] s. 20 cm
Published: Posonii Impensis Antonii Loewii, Bibliopolae 1777
Subjects:

MARC

LEADER 00000cam a2200000 a 4500
001 vtls001418804
003 SK-MaSNL
005 20260301012725.0
008 240226s1777 xo a clat
015 |a SNBHFA 
035 |a SNK000373609 
035 |a 71A9E275-F3B0-4CB2-87D8-0CD22BBD5FCA 
035 |a urn:nbn:sk:snk-am00ikar 
040 |a SNKHFA  |b slo  |c SNKHFA  |e AACR2 
041 0 |a lat 
044 |a xo  |c SK 
072 7 |a 929  |x Biografie  |2 konspekt 
080 |a 929(092)  |2 2011 
080 |a (038)  |2 2011 
100 1 |a Horányi, Alexius,  |d 1736-1809  |4 aut  |9 152271 
245 1 0 |a Memoria Hvngarorvm Et Provincialivm Scriptis Editis Notorvm ; Cum Indice Totius Operis  |n Pars III.  |c Excitat Alexivs Horányi, Hvng. Budensis, De CC. RR. Scholarvm Piarvm 
260 |a Posonii  |b Impensis Antonii Loewii, Bibliopolae  |c 1777  |e [Bratislava]  |f Typis Patzkoianis 
300 |a [14],696, [36] s.  |c 20 cm 
500 |a Titulná strana s drevorezom. Vlys. Vineta. Typografické ozdoby. Zložky. Kustody 
504 |a Poznámky pod textom. Register 
650 0 7 |a osobnosti  |2 SNKPH  |9 29820 
651 7 |a Uhorsko  |2 SNKPHgeo  |9 28673 
655 7 |a biografické slovníky  |2 SNKPH  |9 51960 
700 1 |a Löwe, Anton,  |d 1744-po 1814  |4 pbl  |4 bsl  |9 178977 
700 1 |a Packo, František Augustín,  |d 1732-1799  |4 prt  |9 158479 
752 |a Slovensko  |d Bratislava 
852 |a Slovenská národná knižnica  |b Historické fondy 
852 |a snk  |p SD 11265/3 
958 |a ONDV 
958 |a DD 
999 |c 554247  |d 556177 
952 |a SNK  |b SNK  |y PREZ  |7 0  |p 17A0956358  |o snkSD 11265/3  |i snkKSF 6099/57  |8 5  |3 rekatalogizácia  |0 0  |1 0  |4 0  |d 2005-05-30  |l 0  |r 2025-11-25 00:00:00  |w 2026-02-23 
952 |a SNK  |b SNK  |y PREZ  |7 0  |p 17A1398896  |o snkSD 11265/3 D1  |i snkKSF 691/59  |8 5  |0 0  |1 0  |4 0  |d 2022-01-04  |l 0  |r 2026-02-23 13:20:24  |w 2026-02-23 
952 |a SNK  |b SNK  |y PREZ  |7 0  |p 17A1398898  |o snkSD 11265/3 D3  |i snkF 1379/72  |8 5  |0 0  |1 0  |4 0  |d 2022-01-04  |l 0  |r 2026-02-23 13:20:25  |w 2026-02-23 
952 |a SNK  |b SNK  |y PREZ  |7 0  |p 17A1398899  |o snkSD 11265/3 D4  |i snkF 462/72  |8 5  |0 0  |1 0  |4 0  |d 2022-01-04  |f 1  |l 0  |r 2026-02-23 13:20:25  |w 2026-02-23 
952 |a SNK  |b SNK  |y PREZ  |7 0  |p 17A1398897  |o snkSD 11265/3 D2  |i snkI. 921/48  |3 rekatalogizácia  |0 0  |1 0  |4 0  |d 2001-08-16  |l 0  |r 2005-01-02 00:00:00  |w 2026-02-23